Neurociencias Aplicadas en la empresa Una nueva visin̤ de la direccin̤ de empresas y el marketing /

Detalles Bibliográficos
Autor principal: Barrios, Marcela Fabiana
Otros Autores: Casais, Daniel Hčtor
Formato: eBook
Lenguaje:español
Publicado: Bogot:̀ Ediciones de la U, 2020
Materias:
Acceso en línea:Acceso restringido

MARC

LEADER 00000nam a22000007a 4500
005 20210618013948.0
007 cr|||| ||||
008 210618s2020 co |||||s|||| 00||0 spa d
020 |a 978-958-792-132-8 
035 |a 33444 
040 |a vLex 
090 |c 11823  |d 11823 
100 1 |a Barrios, Marcela Fabiana 
245 1 0 |a Neurociencias Aplicadas en la empresa  |h [Recurso electrn̤ico] :  |b Una nueva visin̤ de la direccin̤ de empresas y el marketing /  |c Marcela Fabiana Barrios, Daniel Hčtor Casais 
256 |a Servicio en ln̕ea 
260 |a Bogot:̀  |b Ediciones de la U,  |c 2020 
300 |a 1 recurso electrn̤ico 
500 |a Este libro es una imprescindible ayuda para comprender y aplicar un r̀ea de las neurociencias y el neuromarketing hasta el presente no explorada. Demuestra que es posible una mayor eficiencia e incremento de las ventas para cualquier organizacin̤ –PyME o gran empresa- a partir de este nuevo enfoque sobre el comportamiento del individuo y la aplicacin̤ de tčnicas sencillas de implementar. Con ilustraciones, tablas y ejemplos de la vida empresarial real permiten acceder a una disciplina top en el management mundial que no puede dejarse de lado. Y aunque aqu ̕se habla de empresas, los conocimientos expuestos son t︢iles para todo vn̕culo social lo cual maximiza su utilidad para todo aquel que los posea. 
506 1 |a Disponible solo en los productos indicados  |d vLex Global  |d vLex Global (Academic Edition, excluding Law Schools)  |d vLex Global (U.S. Academic Edition, Law Schools)  |d vLex Global (U.S. Academic Edition, excluding Law Schools)  |d vLex Global (Academic Edition, Law Schools) 
650 0 4 |a Marketing  |z Colombia 
700 1 |a Casais, Daniel Hčtor 
740 0 |a vLex Libros (Servicio en ln̕ea) 
856 4 0 |u https://vlex.com/source/neurociencias-aplicadas-en-la-empresa-una-nueva-vision-de-la-direccion-de-empresas-y-el-marketing-33444  |z Acceso restringido 
942 |c BOOK 
999 0 |a Marketing